Attacks and Countermeasures of Hash Chain Based Password Authentication Schemes (Record no. 217185)
[ view plain ]
| 000 -LEADER | |
|---|---|
| fixed length control field | 00719 a2200169 4500 |
| 003 - CONTROL NUMBER IDENTIFIER | |
| control field | Nust |
| 005 - DATE AND TIME OF LATEST TRANSACTION | |
| control field | 20170207171535.0 |
| 040 ## - CATALOGING SOURCE | |
| Transcribing agency | Nust |
| 082 ## - DEWEY DECIMAL CLASSIFICATION NUMBER | |
| Classification number | 005.8 |
| 100 ## - MAIN ENTRY--PERSONAL NAME | |
| Personal name | Jan, Muhammad Shahzad (MSIS-10) |
| 245 ## - TITLE STATEMENT | |
| Title | Attacks and Countermeasures of Hash Chain Based Password Authentication Schemes |
| Statement of responsibility, etc. | Muhammad Shahzad Jan |
| 260 ## - PUBLICATION, DISTRIBUTION, ETC. | |
| Place of publication, distribution, etc. | Rawalpindi |
| Name of publisher, distributor, etc. | MCS,NUST |
| Date of publication, distribution, etc. | 2015 |
| 300 ## - PHYSICAL DESCRIPTION | |
| Extent | xii, 77 p |
| 500 ## - GENERAL NOTE | |
| General note | Introduction (Page-1), Literature Review and Background of Study (Page-6), Proposed Frame work (Page-20), Analysis and Comparisons of Renowned Protocols (Page-29), Proposed Scheme (Page-54), Frame Work Scrutiny of Proposed Scheme (Page-64), Conclusion and Future Work (Page70), |
| 650 ## - SUBJECT ADDED ENTRY--TOPICAL TERM | |
| Topical term or geographic name entry element | PG Thesis |
| 651 ## - SUBJECT ADDED ENTRY--GEOGRAPHIC NAME | |
| Geographic name | MSIS-10 |
| 942 ## - ADDED ENTRY ELEMENTS (KOHA) | |
| Koha item type | |
| Withdrawn status | Lost status | Source of classification or shelving scheme | Damaged status | Not for loan | Collection code | Permanent Location | Current Location | Date acquired | Total Checkouts | Full call number | Barcode | Date last seen | Price effective from | Koha item type | Shelving location |
|---|---|---|---|---|---|---|---|---|---|---|---|---|---|---|---|
| Central Library (CL) | Central Library (CL) | 11/11/2020 | 004 | CL-T-1134 | 11/11/2020 | 11/11/2020 | Thesis | ||||||||
| Central Library (CL) | Central Library (CL) | 11/12/2020 | 004 | CL-T-1133 | 11/12/2020 | 11/12/2020 | |||||||||
| Military College of Signals (MCS) | Military College of Signals (MCS) | 12/12/2016 | 005.8 JAN | MCSTIS-199 | 12/08/2016 | 12/12/2016 | Book |
